000 00678nam a2200193Ia 4500
003 GCL
008 140319s9999 xx 000 0 ara d
040 _aGCL /
_cGCL
082 0 4 _aط
_b323.352
_bف ح
100 1 _aفاطمة المعدول
245 1 0 _aحقوق الطفل ( ووسائل نشرها ثقافيا وفنيا) /
_cفاطمة المعدول
700 1 _aميرفت مرسى
250 _aد0ط
260 _aالقاهرة :
_bالمركز القومى لثقافة الطفل ،
_c2004
300 _a55 ص ؛
_c20 سم
650 0 4 _aالاطفال - حقوق مدنية
650 0 4 _aالاطفال - الاحوال الاجتماعية
942 _2ddc
_cBK
999 _c9428
_d9428